2026 NBA trivia - Statistics

General Stats
  • This quiz has been taken 118 times
  • The average score is 20 of 30
Answer Stats
Question Answer % Correct
Steven Adams Rockets
91%
Landry Shamet Knicks
88%
Anthony Black Magic
84%
Julian Strawther Nuggets
83%
Anfernee Simons Celtics
80%
Jordan Clarkson Knicks
79%
Marcus Sasser Pistons
78%
Jalen Green Suns
78%
Brice Sensabaugh Jazz
77%
Miles Mcbride Knicks
77%
Yves Missi Pelicans
77%
Kyle Lowry 76ers
73%
Keshad Johnson Heat
69%
Ivicia Zubac Pacers
69%
Ayo Dosunmu Timberwolves
68%
Yuki Kawamura Bulls
66%
Jarace Walker Pacers
66%
Oso Ighodaro Suns
64%
Tre Mann Hornets
63%
Tyrese Proctor Cavs
62%
Devin Carter Kings
62%
Ulrich Chomche Raptors
61%
Nique Clifford Kings
60%
Adou Thiero Lakers
57%
Dru Smith Heat
55%
Caris LeVert Pistons
54%
Pat Connaughton Hornets
51%
Nae’Qwan Tomlin Cavs
40%
Jaden Hardy Wizards
32%
Dennis Schroeder Pistons
19%
No matching quizzes found
Score Distribution
Percent of People with Each Score
Percentile by Number Answered
Your Score History
You have not taken this quiz